[Event "3rd open DIMITROVGRAD"]
[Site "Dimitrovgrad"]
[Date "2011.09.05"]
[Round "1.1"]
[White "Rusev, Krasimir"]
[Black "Yordanov, Georgi"]
[Result "1-0"]
[WhiteElo "2530"]
[BlackElo "1695"]
[PlyCount "85"]
[EventDate "2011.09.??"]
[EventType "swiss"]
[EventRounds "7"]
[EventCountry "BUL"]
[SourceDate "2008.07.28"]

1. d4 d5 2. c4 c6 3. Bf4 Nf6 4. e3 Bf5 5. Nc3 e6 6. Qb3 Qd7 7. Nf3 b6 8. Rc1
Bd6 9. Ne5 Qe7 10. Qa4 Bxe5 11. dxe5 Nfd7 12. cxd5 exd5 {Diagram #} 13. Nxd5
Qd8 14. Nc3 O-O 15. Qd4 Nc5 16. Bc4 Be6 17. Be2 Bd5 18. Nxd5 cxd5 19. Rd1 Nc6
20. Qxd5 Qxd5 21. Rxd5 Nb4 22. Rd1 Nc2+ 23. Kf1 Rad8 24. g4 Rxd1+ 25. Bxd1 Nb4
26. a3 Nbd3 27. b4 Ne6 28. Bg3 Rd8 29. Kg2 Nb2 30. Be2 Rd2 31. Bb5 h6 32. Rc1
Kh7 33. h4 Nd3 34. Rc3 Nb2 35. Kf1 Rd8 36. Ke2 g5 37. hxg5 Nxg5 38. Rb3 Ne4 39.
Rxb2 Nc3+ 40. Kf3 Nxb5 41. Rb3 Nc7 42. Ke4 Ne6 43. f4 1-0

[Event "3rd open DIMITROVGRAD"]
[Site "Dimitrovgrad"]
[Date "2011.09.05"]
[Round "1.2"]
[White "Chervenkov, Dinko"]
[Black "Bratanov, Zsivko"]
[Result "0-1"]
[WhiteElo "1773"]
[BlackElo "2450"]
[PlyCount "58"]
[EventDate "2011.09.??"]
[EventType "swiss"]
[EventRounds "7"]
[EventCountry "BUL"]
[SourceDate "2008.07.28"]

1. g3 e5 2. d3 d5 3. Bg2 Nf6 4. Nf3 Nc6 5. c3 Be7 6. b4 e4 7. dxe4 Nxe4 8. Be3
O-O 9. a3 Bf6 10. Nd4 Re8 11. O-O Ne5 12. Qc2 Nc4 13. Bc1 c6 14. e3 a5 15. Ra2
Bxd4 16. exd4 Bf5 17. g4 Nxc3 18. Qxf5 Nxa2 19. Bf4 axb4 20. axb4 Nxb4 21. g5
Qc8 22. Qxc8 Raxc8 23. Nc3 Nd3 24. Bg3 Nd2 25. Rd1 Re1+ 26. Rxe1 Nxe1 27. Bf4
Ndf3+ 28. Kf1 Nxg2 29. Kxg2 Nxd4 0-1

[Event "3rd open DIMITROVGRAD"]
[Site "Dimitrovgrad"]
[Date "2011.09.05"]
[Round "1.5"]
[White "Panbukchian, Valentin"]
[Black "Stankovski, Marin"]
[Result "1-0"]
[WhiteElo "2365"]
[BlackElo "1686"]
[PlyCount "45"]
[EventDate "2011.09.??"]
[EventType "swiss"]
[EventRounds "7"]
[EventCountry "BUL"]
[SourceDate "2008.07.28"]

1. f4 f5 2. e4 fxe4 3. d3 exd3 4. Bxd3 Nf6 5. g4 e6 6. g5 Nd5 7. Qh5+ Ke7 8.
Bd2 Qe8 9. Qe2 g6 10. Nc3 Nb4 11. Be4 Bg7 12. a3 N4c6 13. Nf3 Nd4 14. Nxd4 Bxd4
15. O-O-O c6 16. h4 Na6 17. h5 Nc5 18. hxg6 Nxe4 19. Qxe4 Bg7 20. f5 e5 21. f6+
Bxf6 22. gxf6+ Kxf6 23. Rdf1+ 1-0

[Event "3rd open DIMITROVGRAD"]
[Site "Dimitrovgrad"]
[Date "2011.09.05"]
[Round "1.6"]
[White "Gavrilov, Petar"]
[Black "Badev, Kiril"]
[Result "0-1"]
[WhiteElo "1564"]
[BlackElo "2317"]
[PlyCount "74"]
[EventDate "2011.09.??"]
[EventType "swiss"]
[EventRounds "7"]
[EventCountry "BUL"]
[SourceDate "2008.07.28"]

1. Nf3 g6 2. g3 Bg7 3. c4 e5 4. d3 f5 5. Bg5 Ne7 6. Nc3 h6 7. Bxe7 Qxe7 8. Bg2
c6 9. O-O O-O 10. a3 d6 11. e3 Be6 12. Nh4 Kh7 13. f4 Nd7 14. e4 exf4 15. exf5
Bxf5 16. Nxf5 Rxf5 17. Rxf4 Rxf4 18. gxf4 Qe3+ 19. Kh1 Qxf4 20. Qe2 Qe5 21. Be4
Nf6 22. Re1 Nxe4 23. Qxe4 Qf6 24. Nd1 Rf8 25. Kg2 Qg5+ 26. Kh1 Rf4 27. Rg1
Qxg1+ 28. Kxg1 Rxe4 29. dxe4 Bd4+ 30. Kg2 Kg7 31. b3 Kf6 32. Kf3 Ke5 33. Ne3
Bxe3 34. Kxe3 g5 35. b4 b6 36. a4 c5 37. b5 g4 0-1

[Event "3rd open DIMITROVGRAD"]
[Site "Dimitrovgrad"]
[Date "2011.09.05"]
[Round "2.2"]
[White "Bratanov, Zsivko"]
[Black "Slavov, Janko"]
[Result "1-0"]
[WhiteElo "2450"]
[BlackElo "1878"]
[PlyCount "69"]
[EventDate "2011.09.??"]
[EventType "swiss"]
[EventRounds "7"]
[EventCountry "BUL"]
[SourceDate "2008.07.28"]

1. d4 Nf6 2. Nf3 g6 3. Bg5 Bg7 4. Nbd2 O-O 5. c3 d5 6. e3 Bg4 7. Qb3 b6 8. Ne5
Be6 9. Be2 Ne4 10. Nxe4 dxe4 11. Bc4 Bxe5 12. Bxe6 Bf6 13. Bxf6 exf6 14. Bd5 c6
15. Bxe4 a5 16. a4 Ra7 17. g3 Re7 18. Bg2 f5 19. O-O h5 20. h4 Re6 21. Qc4 g5
22. hxg5 Qxg5 23. d5 cxd5 24. Bxd5 Rg6 25. Bg2 Kh7 26. Qf4 Qf6 27. Bh3 Rg5 28.
Rad1 Re8 29. Rd6 Qe7 30. Rxb6 Nd7 31. Bxf5+ Kg8 32. Bxd7 Rd8 33. Bh3 h4 34.
Qxh4 Qe5 35. Rb5 1-0

[Event "3rd open DIMITROVGRAD"]
[Site "Dimitrovgrad"]
[Date "2011.09.05"]
[Round "2.3"]
[White "Nikolov, Krasen"]
[Black "Dimitrov, Pavel"]
[Result "0-1"]
[WhiteElo "2030"]
[BlackElo "2353"]
[PlyCount "94"]
[EventDate "2011.09.??"]
[EventType "swiss"]
[EventRounds "7"]
[EventCountry "BUL"]
[SourceDate "2008.07.28"]

1. c4 f5 2. Nc3 Nf6 3. Nf3 g6 4. g3 Bg7 5. Bg2 e6 6. O-O c5 7. d4 cxd4 8. Nxd4
a6 9. Bf4 O-O 10. Bd6 Nc6 11. Nxc6 bxc6 12. Bxf8 Qxf8 13. Qa4 Rb8 14. a3 Qc5
15. b4 Qxc4 16. Rac1 Qd4 17. Rfd1 Qb6 18. Qc2 a5 19. Rb1 Ng4 20. e3 {Diagram #}
Nxe3 21. fxe3 Qxe3+ 22. Kh1 Qxc3 23. Qxc3 Bxc3 24. bxa5 Ra8 25. a6 Be5 26. Bf1
Kf8 27. Rb7 Ke7 28. Re1 Bd6 29. Reb1 e5 30. a4 e4 31. Bc4 Bxb7 32. Rxb7 Bc5 33.
Kg2 Ra7 34. Rb8 d5 35. Be2 Kd6 36. h4 Be3 37. h5 g5 38. h6 f4 39. gxf4 gxf4 40.
Kh3 f3 41. Bf1 Bxh6 42. Kg4 Ke5 43. Rc8 Rg7+ 44. Kh5 Be3 45. Rxc6 Rg1 46. Bb5
Kf5 47. Kh4 Bd4 0-1

[Event "3rd open DIMITROVGRAD"]
[Site "Dimitrovgrad"]
[Date "2011.09.05"]
[Round "2.4"]
[White "Karapchanski, Dimitar"]
[Black "Kristinsson, Bjarni Jens"]
[Result "1/2-1/2"]
[WhiteElo "2255"]
[BlackElo "2033"]
[PlyCount "70"]
[EventDate "2011.09.??"]
[EventType "swiss"]
[EventRounds "7"]
[EventCountry "BUL"]
[SourceDate "2008.07.28"]

1. c4 e5 2. Nc3 Nf6 3. Nf3 Nc6 4. e3 d5 5. cxd5 Nxd5 6. Bb5 Nxc3 7. bxc3 Bd6 8.
e4 Bd7 9. d4 a6 10. Be2 O-O 11. O-O Kh8 12. Be3 Qe8 13. d5 Nd8 14. c4 b6 15.
Nd2 Nb7 16. Nb3 Qe7 17. Bg4 f5 18. Bxf5 Bxf5 19. exf5 Rxf5 20. Qc2 Raf8 21. c5
Nxc5 22. Nxc5 Bxc5 23. Bxc5 bxc5 24. Rac1 e4 25. Qxc5 Qe5 26. Qxc7 Qxd5 27. Qc4
Qe5 28. Rce1 Qf6 29. Qe2 h6 30. g3 a5 31. a4 Rf3 32. Qxe4 Rxf2 33. Rxf2 Qxf2+
34. Kh1 Qd2 35. Rb1 Qf2 1/2-1/2

[Event "3rd open DIMITROVGRAD"]
[Site "Dimitrovgrad"]
[Date "2011.09.05"]
[Round "2.7"]
[White "Rafailov, Radostin"]
[Black "Janachkov, Angel"]
[Result "0-1"]
[WhiteElo "1979"]
[BlackElo "2210"]
[PlyCount "45"]
[EventDate "2011.09.??"]
[EventType "swiss"]
[EventRounds "7"]
[EventCountry "BUL"]
[SourceDate "2008.07.28"]

1. e4 g6 2. d4 Bg7 3. Nc3 d6 4. Be3 a6 5. Qd2 b5 6. O-O-O Bb7 7. f3 Nd7 8. Kb1
Rc8 9. h4 h5 10. Nh3 c5 11. Nf2 Qa5 12. g4 c4 13. gxh5 Rxh5 14. Ne2 Qxd2 15.
Rxd2 Bf6 16. Bg5 Bxg5 17. hxg5 Rxg5 18. f4 Rh5 19. Rxh5 gxh5 20. Ng3 h4 21. Nf5
Ngf6 22. e5 Nd5 23. Bg2 0-1

[Event "3rd open DIMITROVGRAD"]
[Site "Dimitrovgrad"]
[Date "2011.09.05"]
[Round "3.1"]
[White "Rusev, Krasimir"]
[Black "Iliev, Mitko"]
[Result "1-0"]
[WhiteElo "2530"]
[BlackElo "2241"]
[PlyCount "45"]
[EventDate "2011.09.??"]
[EventType "swiss"]
[EventRounds "7"]
[EventCountry "BUL"]
[SourceDate "2008.07.28"]

1. d4 Nf6 2. c4 g6 3. Nc3 Bg7 4. e4 d6 5. h3 O-O 6. Nf3 c5 7. d5 b5 8. cxb5 a6
9. a4 e6 10. dxe6 Bxe6 11. Be2 axb5 12. Bxb5 Qb6 13. O-O Na6 14. Bf4 Rfd8 15.
a5 Qb7 16. Qe2 d5 17. Ng5 Nc7 18. a6 Qb6 19. Bxc7 Qxc7 20. Nxe6 fxe6 21. exd5
exd5 22. Qe6+ Kh8 23. Bc6 1-0

[Event "3rd open DIMITROVGRAD"]
[Site "Dimitrovgrad"]
[Date "2011.09.05"]
[Round "3.2"]
[White "Petrov, Simeon"]
[Black "Bratanov, Zsivko"]
[Result "0-1"]
[WhiteElo "2047"]
[BlackElo "2450"]
[PlyCount "94"]
[EventDate "2011.09.??"]
[EventType "swiss"]
[EventRounds "7"]
[EventCountry "BUL"]
[SourceDate "2008.07.28"]

1. d4 Nf6 2. c4 c5 3. d5 d6 4. Nc3 g6 5. e4 Bg7 6. h3 O-O 7. Nf3 e6 8. Bd3 Na6
9. O-O Nc7 10. a4 e5 11. Be3 Na6 12. Rc1 Kh8 13. Qd2 Nb4 14. Bb1 Nh5 15. Bh6 f6
16. Bxg7+ Nxg7 17. Ne1 Nh5 18. Ne2 Bd7 19. b3 Qe7 20. Nd3 Nxd3 21. Bxd3 f5 22.
exf5 gxf5 23. Qh6 Nf6 24. Ng3 e4 25. Be2 Qe5 26. Nh5 Nxh5 27. Bxh5 Rf6 28. Qd2
f4 29. Qc3 Rg8 30. Qxe5 dxe5 31. Rc3 Rg5 32. Bg4 Bxg4 33. hxg4 Rxg4 34. f3 Rg3
35. Kf2 e3+ $2 {Diagram #} 36. Rxe3 Rfg6 37. Rxe5 Rxg2+ 38. Ke1 Rb2 39. Re2
Rxb3 40. Kd2 Ra3 41. Kc2 Rxa4 42. Kb3 Rb4+ 43. Kc3 Ra6 44. Kd3 Kg7 45. Re7+ Kf6
46. Rfe1 Ra3+ 47. Kc2 Rxc4+ 0-1

[Event "3rd open DIMITROVGRAD"]
[Site "Dimitrovgrad"]
[Date "2011.09.05"]
[Round "3.3"]
[White "Dimitrov, Pavel"]
[Black "Ljangov, Petar"]
[Result "1-0"]
[WhiteElo "2353"]
[BlackElo "2113"]
[PlyCount "85"]
[EventDate "2011.09.??"]
[EventType "swiss"]
[EventRounds "7"]
[EventCountry "BUL"]
[SourceDate "2008.07.28"]

1. e4 c5 2. Nf3 d6 3. Bb5+ Bd7 4. Bxd7+ Qxd7 5. O-O Nc6 6. Re1 Nf6 7. c4 g6 8.
Nc3 Bg7 9. b3 O-O 10. Bb2 Ng4 11. h3 Nge5 12. Nxe5 Bxe5 13. Rb1 e6 14. Ne2 Bxb2
15. Rxb2 d5 16. d4 dxc4 17. dxc5 Qxd1 18. Rxd1 cxb3 19. axb3 Rfd8 20. Rd6 Kf8
21. Rbd2 b6 22. b4 bxc5 23. bxc5 Rxd6 24. cxd6 Rd8 25. f4 e5 26. g3 f6 27. Kf2
Kf7 28. f5 g5 29. Ke3 Ke8 30. Rd5 Kd7 31. Nc3 Rb8 32. Na4 Rb3+ 33. Kf2 Rb8 34.
Nc5+ Ke8 35. Ke3 h5 36. Rd1 Nd4 {Diagram #} 37. Rxd4 exd4+ 38. Kxd4 a5 39. Kd5
Rb5 40. Kc6 Rxc5+ 41. Kxc5 Kd7 {Diagram #} 42. e5 fxe5 43. f6 1-0

[Event "3rd open DIMITROVGRAD"]
[Site "Dimitrovgrad"]
[Date "2011.09.05"]
[Round "3.4"]
[White "Panbukchian, Valentin"]
[Black "Banov, Boil"]
[Result "1-0"]
[WhiteElo "2365"]
[BlackElo "2127"]
[PlyCount "83"]
[EventDate "2011.09.??"]
[EventType "swiss"]
[EventRounds "7"]
[EventCountry "BUL"]
[SourceDate "2008.07.28"]

1. f4 d5 2. Nf3 c6 3. g3 Bg4 4. Bg2 Nd7 5. d3 Ngf6 6. O-O h5 7. Nc3 Qb6+ 8. Kh1
Bxf3 9. Bxf3 e5 10. e4 dxe4 11. Nxe4 Nxe4 12. Bxe4 h4 13. g4 O-O-O 14. Qf3 f6
15. f5 Nc5 16. Be3 Qc7 17. Bxc5 Bxc5 18. c3 Qb6 19. b4 Be3 20. Qe2 Bg5 21. Rf3
h3 22. a4 Rh4 23. a5 Qb5 24. Rff1 Rd7 25. Rfb1 Rh8 26. Qf3 Qa6 27. c4 Rhd8 28.
Qxh3 Rd4 29. b5 cxb5 30. Rxb5 Rxe4 31. dxe4 Qc6 32. Rd5 Qxc4 33. Rxd8+ Kxd8 34.
Rd1+ Kc7 35. Qd3 Qxd3 36. Rxd3 Kc6 37. Kg2 b6 38. axb6 axb6 39. Kf3 b5 40. Ke2
Kc5 41. Rd7 Bh6 42. Kd3 1-0

[Event "3rd open DIMITROVGRAD"]
[Site "Dimitrovgrad"]
[Date "2011.09.05"]
[Round "3.6"]
[White "Janachkov, Angel"]
[Black "Kolev, Atanas T."]
[Result "1/2-1/2"]
[WhiteElo "2210"]
[BlackElo "2064"]
[PlyCount "37"]
[EventDate "2011.09.??"]
[EventType "swiss"]
[EventRounds "7"]
[EventCountry "BUL"]
[SourceDate "2008.07.28"]

1. e4 d5 2. exd5 Qxd5 3. Nc3 Qa5 4. d4 Nf6 5. Bc4 Bg4 6. Nge2 Nc6 7. O-O O-O-O
8. d5 Nb4 9. f3 Bf5 10. Nd4 Bxc2 11. Nxc2 Nxc2 12. Qxc2 Qc5+ 13. Qf2 Qxc4 14.
Qxa7 e5 15. Be3 Qa6 16. Qxa6 bxa6 17. Bg5 Bc5+ 18. Kh1 Bd4 19. f4 1/2-1/2

[Event "3rd open DIMITROVGRAD"]
[Site "Dimitrovgrad"]
[Date "2011.09.05"]
[Round "3.7"]
[White "Karapchanski, Dimitar"]
[Black "Dimitrov, Daniel Kr."]
[Result "1-0"]
[WhiteElo "2255"]
[BlackElo "1963"]
[PlyCount "65"]
[EventDate "2011.09.??"]
[EventType "swiss"]
[EventRounds "7"]
[EventCountry "BUL"]
[SourceDate "2008.07.28"]

1. c4 e6 2. Nc3 d5 3. d4 Be7 4. Nf3 Nf6 5. Bg5 h6 6. Bh4 O-O 7. e3 b6 8. Qb3
Bb7 9. Bxf6 Bxf6 10. cxd5 exd5 11. Rd1 c6 12. Bd3 Nd7 13. O-O g6 14. Rfe1 Kg7
15. e4 dxe4 16. Nxe4 Qc7 17. Nxf6 Nxf6 18. Ne5 Nd5 19. Be4 Rad8 20. Qg3 Qd6 21.
f4 f5 22. Bxd5 cxd5 23. Rc1 Rc8 24. Rxc8 Bxc8 25. Rc1 Bd7 26. h4 h5 27. Qe1 Re8
28. Rc3 Bb5 29. Qc1 Re7 30. Rc8 Be8 31. Qc3 Bd7 32. Rd8 Qe6 33. Qa3 1-0

[Event "3rd open DIMITROVGRAD"]
[Site "Dimitrovgrad"]
[Date "2011.09.05"]
[Round "4.1"]
[White "Badev, Kiril"]
[Black "Rusev, Krasimir"]
[Result "1/2-1/2"]
[WhiteElo "2317"]
[BlackElo "2530"]
[PlyCount "94"]
[EventDate "2011.09.??"]
[EventType "swiss"]
[EventRounds "7"]
[EventCountry "BUL"]
[SourceDate "2008.07.28"]

1. e4 e6 2. d4 d5 3. exd5 exd5 4. Bd3 Nc6 5. c3 Bd6 6. Ne2 Qh4 7. g3 Qh5 8. Nf4
Qxd1+ 9. Kxd1 Nge7 10. Kc2 h5 11. Be3 Bd7 12. Nd2 O-O-O 13. Rae1 Rhe8 14. a3
Bxf4 15. Bxf4 Bf5 16. Bxf5+ Nxf5 17. h3 Rxe1 18. Rxe1 Kd7 19. g4 hxg4 20. hxg4
Nfe7 21. Bg3 f6 22. Nb3 b6 23. Nd2 Rh8 24. Nf3 g5 25. Re3 Rh7 26. Ne1 Nd8 27.
Nd3 Ne6 28. a4 a5 29. Rf3 Rh6 30. Re3 c6 31. Re1 Rh7 32. Rb1 c5 33. dxc5 bxc5
34. Rd1 c4 35. Nc1 Nc5 36. b3 cxb3+ 37. Nxb3 Nxb3 38. Kxb3 f5 39. gxf5 Rf7 40.
c4 Rxf5 41. cxd5 Nxd5 42. Kc4 Kc6 43. Kd4 Nb6 44. Rc1+ Kb7 45. Ke4 Rf7 46. Rc5
Ka6 47. Rxg5 Nxa4 1/2-1/2

[Event "3rd open DIMITROVGRAD"]
[Site "Dimitrovgrad"]
[Date "2011.09.05"]
[Round "4.2"]
[White "Bratanov, Zsivko"]
[Black "Dimitrov, Pavel"]
[Result "0-1"]
[WhiteElo "2450"]
[BlackElo "2353"]
[PlyCount "66"]
[EventDate "2011.09.??"]
[EventType "swiss"]
[EventRounds "7"]
[EventCountry "BUL"]
[SourceDate "2008.07.28"]

1. d4 f5 2. Nc3 Nf6 3. Bg5 e6 4. e4 fxe4 5. Nxe4 Be7 6. Bxf6 Bxf6 7. Nf3 d5 8.
Nxf6+ Qxf6 9. Bd3 c5 10. c3 Nc6 11. O-O O-O 12. dxc5 e5 13. Bb5 Be6 14. Bxc6
bxc6 15. Qa4 Bf5 16. Rad1 Rae8 17. Ne1 Be4 18. b4 Re6 19. f3 Qg5 20. Qb3 Ref6
21. c4 d4 22. Rf2 Qh4 23. Rdd2 Bf5 24. b5 Rh6 25. g3 Qe7 26. Qa3 Bc8 27. Rfe2
Re6 28. Re4 cxb5 29. cxb5 Bb7 30. Ree2 e4 31. Qb3 Kh8 32. c6 Bc8 33. fxe4 Ref6
{...} 0-1

[Event "3rd open DIMITROVGRAD"]
[Site "Dimitrovgrad"]
[Date "2011.09.05"]
[Round "4.3"]
[White "Janachkov, Angel"]
[Black "Panbukchian, Valentin"]
[Result "1/2-1/2"]
[WhiteElo "2210"]
[BlackElo "2365"]
[PlyCount "36"]
[EventDate "2011.09.??"]
[EventType "swiss"]
[EventRounds "7"]
[EventCountry "BUL"]
[SourceDate "2008.07.28"]

1. d4 f5 2. c4 Nf6 3. Nc3 d6 4. Bg5 Nbd7 5. Qc2 g6 6. e3 Bg7 7. O-O-O O-O 8. h4
c6 9. Nge2 Qe8 10. Ng3 Ng4 11. f3 Nxe3 12. Bxe3 f4 13. h5 fxe3 14. hxg6 hxg6
15. Bd3 Rf6 16. Nge4 Rf5 17. Ng3 Rf6 18. Nce4 Rf4 1/2-1/2

[Event "3rd open DIMITROVGRAD"]
[Site "Dimitrovgrad"]
[Date "2011.09.05"]
[Round "4.4"]
[White "Valkov, Vladimir"]
[Black "Karapchanski, Dimitar"]
[Result "1/2-1/2"]
[WhiteElo "2054"]
[BlackElo "2255"]
[PlyCount "93"]
[EventDate "2011.09.??"]
[EventType "swiss"]
[EventRounds "7"]
[EventCountry "BUL"]
[SourceDate "2008.07.28"]

1. e4 c5 2. Nf3 e6 3. c3 Nc6 4. d4 d5 5. exd5 Qxd5 6. Be3 cxd4 7. Nxd4 Nxd4 8.
Qxd4 Nf6 9. c4 Qxd4 10. Bxd4 Be7 11. Nc3 Bd7 12. Be2 Bc6 13. O-O a6 14. Rfd1
O-O-O 15. Bb6 Rxd1+ 16. Rxd1 Nd7 17. Be3 Rd8 18. Kf1 f5 19. a3 Bf6 20. Rd6 Re8
21. h3 Be5 22. Rd3 Nf6 23. Bb6 Ne4 24. Nxe4 Bxe4 25. Rd2 Bf4 26. Be3 Be5 27.
Bb6 Bf4 28. Be3 Bc7 29. Bd3 Bxd3+ 30. Rxd3 Rd8 31. Rxd8+ Kxd8 32. Bd4 e5 33.
Bc3 g6 34. Ke2 Kd7 35. f3 Kc6 36. Kd3 Bd6 37. Bd2 b5 38. Bc1 h5 39. b3 Bc7 40.
Bd2 Bd6 41. Bc1 Be7 42. a4 bxa4 43. bxa4 Bb4 44. Bb2 Bd6 45. Bc1 Kb6 46. Bd2
Kc5 47. Kc3 1/2-1/2

[Event "3rd open DIMITROVGRAD"]
[Site "Dimitrovgrad"]
[Date "2011.09.05"]
[Round "4.6"]
[White "Iliev, Mitko"]
[Black "Petkov, Hristo"]
[Result "1-0"]
[WhiteElo "2241"]
[BlackElo "2077"]
[PlyCount "57"]
[EventDate "2011.09.??"]
[EventType "swiss"]
[EventRounds "7"]
[EventCountry "BUL"]
[SourceDate "2008.07.28"]

1. d4 Nf6 2. c4 g6 3. Nc3 Bg7 4. e4 d6 5. f4 O-O 6. Nf3 c5 7. d5 e6 8. Be2 exd5
9. cxd5 Re8 10. e5 dxe5 11. fxe5 Ng4 12. Bg5 Qb6 13. O-O Nxe5 14. d6 Nxf3+ 15.
Bxf3 Bd4+ 16. Kh1 Qxd6 17. Bd5 Be6 18. Bxb7 Nc6 19. Nb5 Qd7 20. Bxa8 Rxa8 21.
Nxd4 cxd4 22. Bf6 d3 23. Qd2 Qe8 24. Rac1 Ne7 25. Qxd3 Nd5 26. Bd4 a5 27. Qg3
Rd8 28. Rce1 f6 29. Bxf6 1-0

[Event "3rd open DIMITROVGRAD"]
[Site "Dimitrovgrad"]
[Date "2011.09.05"]
[Round "4.7"]
[White "Milanova, Maria"]
[Black "Petrov, Simeon"]
[Result "1/2-1/2"]
[WhiteElo "1852"]
[BlackElo "2047"]
[PlyCount "62"]
[EventDate "2011.09.??"]
[EventType "swiss"]
[EventRounds "7"]
[EventCountry "BUL"]
[SourceDate "2008.07.28"]

1. Nf3 c5 2. g3 Nf6 3. Bg2 d6 4. O-O g6 5. d3 Bg7 6. e4 O-O 7. Re1 Nc6 8. c3
Bg4 9. Na3 Ne5 10. Nc2 d5 11. Bf4 dxe4 12. Bxe5 exf3 13. Bxf3 Bxf3 14. Qxf3 Qd7
15. d4 Qb5 16. Rab1 Rad8 17. Qe2 Qxe2 18. Rxe2 c4 19. a4 Nd5 20. Bxg7 Kxg7 21.
Na3 Rc8 22. Re5 Rfd8 23. Nc2 e6 24. Ree1 Rc6 25. a5 Kf6 26. Ra1 a6 27. Ra4 h5
28. Nb4 Rc7 29. Re5 g5 30. Nxd5+ Rxd5 31. Rxd5 exd5 1/2-1/2

[Event "3rd open DIMITROVGRAD"]
[Site "Dimitrovgrad"]
[Date "2011.09.05"]
[Round "4.8"]
[White "Ljangov, Petar"]
[Black "Georgiev, Todor"]
[Result "1-0"]
[WhiteElo "2113"]
[BlackElo "1700"]
[PlyCount "59"]
[EventDate "2011.09.??"]
[EventType "swiss"]
[EventRounds "7"]
[EventCountry "BUL"]
[SourceDate "2008.07.28"]

1. e4 c5 2. Nc3 d6 3. Nf3 Nf6 4. e5 Nfd7 5. exd6 exd6 6. d4 Be7 7. Be2 O-O 8.
O-O Nc6 9. Nd5 Nf6 10. Nxe7+ Qxe7 11. Re1 Qc7 12. c3 Bf5 13. Bf4 Nh5 14. Be3
cxd4 15. Nxd4 Nxd4 16. Qxd4 Nf6 17. Bf4 Qc5 18. Qxd6 Qxd6 19. Bxd6 Rfd8 20.
Rad1 Ne4 21. Bf4 Rxd1 22. Rxd1 Re8 23. Bb5 Rc8 24. f3 Nc5 25. Be3 b6 26. Bxc5
bxc5 27. Bc4 h6 28. g4 Bg6 29. Rd7 a5 30. f4 1-0

[Event "3rd open DIMITROVGRAD"]
[Site "Dimitrovgrad"]
[Date "2011.09.06"]
[Round "5.1"]
[White "Dimitrov, Pavel"]
[Black "Rusev, Krasimir"]
[Result "0-1"]
[WhiteElo "2353"]
[BlackElo "2530"]
[PlyCount "75"]
[EventDate "2011.09.??"]
[EventType "swiss"]
[EventRounds "7"]
[EventCountry "BUL"]
[SourceDate "2008.07.28"]

1. e4 d6 2. d4 Nf6 3. Nc3 e5 4. Nf3 Nbd7 5. Bc4 Be7 6. O-O O-O 7. Re1 a6 8. a4
b6 9. h3 c6 10. dxe5 Nxe5 11. Nxe5 dxe5 12. Qf3 Qc7 13. Be3 Bb7 14. Ne2 b5 15.
Bd3 c5 16. Ng3 c4 17. Bf1 Nxe4 18. Nxe4 f5 19. axb5 axb5 20. Rxa8 Bxa8 21. Nf6+
gxf6 22. Qxf5 Qc8 23. Qxc8 Rxc8 24. Ra1 Be4 25. Ra5 Bxc2 26. Rxb5 Kf7 27. Rb7
Ke6 28. g3 Be4 29. Rb6+ Bd6 30. Bg2 Bxg2 31. Kxg2 Kd5 32. g4 Rc6 33. Rb5+ Ke4
34. Rb7 Rc7 35. Rb6 Be7 36. Re6 Rb7 37. Bc1 Kd3 38. Rc6 {...} 0-1

[Event "3rd open DIMITROVGRAD"]
[Site "Dimitrovgrad"]
[Date "2011.09.06"]
[Round "5.3"]
[White "Bratanov, Zsivko"]
[Black "Valkov, Vladimir"]
[Result "1-0"]
[WhiteElo "2450"]
[BlackElo "2054"]
[PlyCount "35"]
[EventDate "2011.09.??"]
[EventType "swiss"]
[EventRounds "7"]
[EventCountry "BUL"]
[SourceDate "2008.07.28"]

1. c4 e5 2. g3 Bc5 3. Bg2 Nc6 4. e3 Nf6 5. a3 a5 6. Nc3 O-O 7. Nge2 d6 8. b3
Bg4 9. h3 Bf5 10. d3 Re8 11. g4 Bg6 12. Ng3 Qd7 13. g5 e4 14. d4 Bxd4 15. exd4
e3 16. gxf6 exf2+ 17. Kxf2 Re6 18. Nd5 1-0

[Event "3rd open DIMITROVGRAD"]
[Site "Dimitrovgrad"]
[Date "2011.09.06"]
[Round "5.5"]
[White "Kristinsson, Bjarni Jens"]
[Black "Janachkov, Angel"]
[Result "0-1"]
[WhiteElo "2033"]
[BlackElo "2210"]
[PlyCount "49"]
[EventDate "2011.09.??"]
[EventType "swiss"]
[EventRounds "7"]
[EventCountry "BUL"]
[SourceDate "2008.07.28"]

1. e4 d6 2. d4 Nf6 3. Bd3 e5 4. d5 Be7 5. Ne2 O-O 6. O-O a5 7. f3 h6 8. Be3 Nh7
9. Nd2 Na6 10. c3 Bg5 11. Bf2 Bd7 12. Nc4 b6 13. Bc2 g6 14. Qe1 h5 15. f4 exf4
16. Bd4 Bb5 17. b3 Nc5 18. Rxf4 Bxc4 19. bxc4 Qe7 20. Qg3 Nd7 21. Rff1 Nc5 22.
Nf4 Bh4 23. Qh3 Bf6 24. Rae1 Bg7 25. Kh1 {...} 0-1

[Event "3rd open DIMITROVGRAD"]
[Site "Dimitrovgrad"]
[Date "2011.09.06"]
[Round "6.2"]
[White "Iliev, Mitko"]
[Black "Dimitrov, Pavel"]
[Result "1-0"]
[WhiteElo "2241"]
[BlackElo "2353"]
[PlyCount "83"]
[EventDate "2011.09.??"]
[EventType "swiss"]
[EventRounds "7"]
[EventCountry "BUL"]
[SourceDate "2008.07.28"]

1. Nf3 f5 2. b3 Nf6 3. Bb2 e6 4. g3 Be7 5. Bg2 O-O 6. O-O c5 7. c4 Nc6 8. e3 d6
9. d4 Qe8 10. Nc3 Qh5 11. d5 Nd8 12. dxe6 Nxe6 13. Nd5 Nxd5 14. Qxd5 Bf6 15.
Rab1 Bxb2 16. Rxb2 Rf6 17. Qxd6 Rh6 18. Rd1 Rf6 19. Rbd2 h6 20. Qe7 Kh7 21. h4
Qf7 22. Qxf7 Rxf7 23. Ne5 Re7 24. f4 a5 25. a4 Ra6 26. Rd6 g5 27. hxg5 hxg5 28.
Kf2 Kg7 29. Rxa6 bxa6 30. Rd6 Kf6 31. Bd5 gxf4 32. gxf4 Rh7 33. Rc6 Rc7 34. Rb6
Re7 35. Nd3 Rc7 36. Bxe6 Bxe6 37. Rxa6 Ke7 38. Rxa5 Kd6 39. Ra6+ Ke7 40. Rb6
Bc8 41. a5 Bb7 42. Nxc5 1-0

[Event "3rd open DIMITROVGRAD"]
[Site "Dimitrovgrad"]
[Date "2011.09.06"]
[Round "6.3"]
[White "Ljangov, Petar"]
[Black "Panbukchian, Valentin"]
[Result "0-1"]
[WhiteElo "2113"]
[BlackElo "2365"]
[PlyCount "48"]
[EventDate "2011.09.??"]
[EventType "swiss"]
[EventRounds "7"]
[EventCountry "BUL"]
[SourceDate "2008.07.28"]

1. c4 f5 2. d4 Nf6 3. Nc3 d6 4. f3 g6 5. e4 fxe4 6. fxe4 Bg7 7. Be2 Nc6 8. Nf3
Bg4 9. Be3 Bxf3 10. Bxf3 Nd7 11. O-O O-O 12. Qd2 e5 13. d5 Nd4 14. Bg4 c6 15.
Rxf8+ Nxf8 16. Rf1 h5 17. Bh3 Nh7 18. Ne2 c5 19. Nc1 Qh4 20. Qd3 Rf8 21. Rxf8+
Bxf8 22. Bf2 Qf6 23. Bxd4 cxd4 24. Qf3 Bh6 {...} 0-1

[Event "3rd open DIMITROVGRAD"]
[Site "Dimitrovgrad"]
[Date "2011.09.06"]
[Round "6.4"]
[White "Badev, Kiril"]
[Black "Janachkov, Angel"]
[Result "1-0"]
[WhiteElo "2317"]
[BlackElo "2210"]
[PlyCount "61"]
[EventDate "2011.09.??"]
[EventType "swiss"]
[EventRounds "7"]
[EventCountry "BUL"]
[SourceDate "2008.07.28"]

1. e4 c5 2. Nf3 e6 3. d4 cxd4 4. Nxd4 a6 5. g3 Qc7 6. Bg2 b6 7. O-O Bb7 8. Re1
d6 9. b3 Nf6 10. c4 Nc6 11. Bb2 Be7 12. Nc3 h5 13. h3 Ne5 14. Rc1 g5 15. a4 Rg8
16. a5 bxa5 17. Na4 h4 18. g4 Nfd7 19. Ra1 Nc5 20. Re3 Rb8 21. Bc3 Nc6 22. Nxc5
dxc5 23. Nxc6 Bxc6 24. Rxa5 Rd8 25. Qa1 Bb7 26. Ra3 Rd4 27. Re1 Qe5 28. Bxd4
cxd4 29. Ra5 Qc7 30. e5 Bxg2 31. Kxg2 1-0